[Event "chT-POL"]
[Site "Zakopane chT"]
[Date "2000.09.04"]
[Round "3"]
[White "Grobelny,A"]
[Black "Grycel,K"]
[Result "1-0"]
[WhiteElo "2244"]
[BlackElo "2218"]

1.d4 Nf6 2.c4 e6 3.Nf3 Bb4+ 4.Bd2 a5 5.Nc3 d6 6.e3 Nbd7 7.a3 Bxc3 8.Bxc3 Ne4
9.Rc1 f5 10.Bd3 Ndf6 11.O-O O-O 12.Be1 a4 13.Qc2 c5 14.Nd2 cxd4 15.exd4 Ng5
16.h4 Nf7 17.Nf3 b6 18.Bb4 Bb7 19.d5 exd5 20.Bxf5 Kh8 21.Nd4 Re8 22.cxd5 Bxd5
23.Qc7 g6 24.Bd3 Rc8 25.Qxd8 Rexd8 26.Bb5 Ra8 27.Rc7 Kg8 28.Re1 Ne4 29.f3 Nc5
30.Nc6 Bxc6 31.Bxc6 Rac8 32.Ree7 Rxc7 33.Rxc7 Na6 34.Ra7 Nxb4 35.axb4 Ne5
36.Bd5+ Kh8 37.Rxa4 Nd3 38.b5 Rd7 39.Ra6 Nb4 40.Bc6 Nxa6 41.bxa6 Ra7 42.Bb7 Kg7
43.Kf2 Kf6 44.Ke3 Ke5 45.g4 h6 46.f4+ Kf6 47.Ke4 Ke6 48.f5+ gxf5+ 49.gxf5+ Ke7
50.Kd5 Kd7 51.f6  1-0

[Event "chT-POL"]
[Site "Zakopane chT"]
[Date "2000.09.05"]
[Round "4"]
[White "Dziuba,M"]
[Black "Macieja,B"]
[Result "0-1"]
[WhiteElo "2392"]
[BlackElo "2536"]

1.d4 Nf6 2.c4 e6 3.Nf3 Bb4+ 4.Bd2 Qe7 5.g3 Nc6 6.Bg2 Bxd2+ 7.Nbxd2 d6 8.O-O a5
9.e4 e5 10.d5 Nb8 11.Ne1 h5 12.h3 h4 13.g4 Nfd7 14.a3 a4 15.Nd3 O-O 16.Qc2 c5
17.Rae1 g5 18.f4 exf4 19.e5 Nxe5 20.Nxe5 dxe5 21.Ne4 Nd7 22.d6 Qd8 23.Nc3 Ra6
24.Qf5 Rxd6 25.Nb5 Rg6 26.Rd1 Qe7 27.Rfe1 Nb6 28.Rxe5 Bxf5 29.Rxe7 Bc2 30.Rc1 Bb3
31.Bf1 Re6 32.Rxb7 Rd8 33.Rc7 Nd7 34.Nc3 Kf8 35.Nd5 Nb6 36.Bg2 Nxc4 37.Rxc5 Ne3
38.Rc8 Rxc8 39.Rxc8+ Kg7 40.Nc7 Re5 41.Bf3 Nc4 42.Bc6 Re3 43.Ne8+ Kg6 44.Bd7 Ne5
45.Bf5+ Kh6 46.Nf6 Be6 47.Ra8 Rxh3 48.Ra6 Re3 49.Rxa4 Bxf5 50.gxf5 g4 51.Ra5 Kg5  0-1

[Event "LVI ch-POR"]
[Site "Barreiro POR"]
[Date "2000.09.08"]
[Round "7"]
[White "Santos,CP"]
[Black "Pinheiro,J"]
[Result "1-0"]
[WhiteElo "2385"]
[BlackElo "2288"]

1.d4 Nf6 2.c4 e6 3.Nf3 Bb4+ 4.Bd2 Qe7 5.g3 O-O 6.Bg2 Bxd2+ 7.Qxd2 Ne4 8.Qc2 Qb4+
9.Nbd2 Nxd2 10.Nxd2 a5 11.O-O Qe7 12.Rad1 Nc6 13.Ne4 d6 14.Nc3 Bd7 15.f4 e5
16.Nd5 Qd8 17.dxe5 dxe5 18.e3 Rc8 19.f5 f6 20.Qb3 Rb8 21.Rf2 Qc8 22.Be4 Kh8
23.Qa3 Rf7 24.g4 Qf8 25.Qxf8+ Rbxf8 26.Rfd2 Bc8 27.a3 Rd7 28.Nc3 Rxd2 29.Rxd2 Nb8
30.Nd5 Rd8 31.Rd3 Na6 32.b4 axb4 33.axb4 h6 34.Kf2 Rd6 35.Ke2 Kg8  1-0

[Event "6th WUCC"]
[Site "Golden Sands BUL"]
[Date "2000.09.08"]
[Round "8"]
[White "Drenchev,P"]
[Black "Bagheri,A"]
[Result "0-1"]
[WhiteElo "2357"]
[BlackElo "2409"]

1.d4 Nf6 2.c4 e6 3.Nf3 Bb4+ 4.Bd2 c5 5.g3 Nc6 6.Bxb4 cxb4 7.Bg2 O-O 8.O-O d6
9.Qc2 e5 10.Rd1 Qc7 11.h3 Re8 12.d5 Nb8 13.a3 Na6 14.Nfd2 Bd7 15.Qb3 Qb6
16.axb4 Nxb4 17.Nc3 a5 18.Rdc1 Rec8 19.Na2 Ra6 20.e3 Nxa2 21.Rxa2 Qxb3 22.Nxb3 a4
23.Nd2 b5 24.b4 bxc4 25.Rxc4 Rb8 26.f4 exf4 27.gxf4 Rab6 28.Rb2 Bb5 29.Rc3 h6
30.Kf2 g5 31.fxg5 hxg5 32.e4 Ba6 33.Rc6 Nd7 34.Nf3 Nc5 35.Ke3 Rxb4 36.Rxb4 Rxb4
37.e5  0-1

[Event "chT-POL"]
[Site "Zakopane chT"]
[Date "2000.09.08"]
[Round "6"]
[White "Wojcieszyn,J"]
[Black "Liwak,P"]
[Result "1-0"]
[WhiteElo "2308"]
[BlackElo "2307"]

1.d4 Nf6 2.Nf3 e6 3.c4 Bb4+ 4.Bd2 Qe7 5.Nc3 O-O 6.g3 Bxc3 7.Bxc3 Ne4 8.Qc2 Nxc3
9.Qxc3 d6 10.Bg2 Nd7 11.O-O e5 12.e3 a5 13.Rac1 Re8 14.Nd2 Nf6 15.c5 e4 16.cxd6 cxd6
17.Nc4 Qd8 18.Qb3 Ra6 19.Rfd1 Nd5 20.a3 Qd7 21.Nd2 Nf6 22.Bf1 Rc6 23.d5 Rxc1
24.Rxc1 Qf5 25.Nc4 Qxd5 26.Rd1 Qh5 27.Nxd6 Be6 28.Nxe8 Ng4  1-0

[Event "LVI ch-POR"]
[Site "Barreiro POR"]
[Date "2000.09.09"]
[Round "8"]
[White "Santos,AP"]
[Black "Morais,V"]
[Result "1-0"]
[WhiteElo "2272"]
[BlackElo "2167"]

1.d4 Nf6 2.c4 e6 3.Nf3 Bb4+ 4.Bd2 c5 5.Bxb4 cxb4 6.e3 O-O 7.Bd3 d6 8.O-O Re8
9.Nbd2 Nc6 10.Qc2 h6 11.Rfd1 Qe7 12.Ne4 Nxe4 13.Bxe4 e5 14.Bxc6 bxc6 15.dxe5 dxe5
16.c5 e4 17.Nd4 Bd7 18.Ne2 a5 19.Rd6 Rec8 20.Rad1 Rc7 21.R1d4 Bf5 22.Ng3 Bg6
23.Qc4 Kh7 24.Nxe4 Qe5 25.Nd2 Re8 26.h3 Qf5 27.Rf4 Qe5 28.Rfd4 Qf5 29.g4 Qe5
30.Nf3 Qe7 31.Nd2 Qe5 32.Kg2 Rb8 33.Nf3 Qe7 34.e4 Re8 35.e5 Rf8 36.Rf4 Rb8
37.h4 b3 38.a3 Bc2 39.g5 h5 40.Qc3 Bg6 41.Qxa5 Ra7 42.Qd2 Rxa3 43.Rxg6 fxg6
44.Qd6  1-0

[Event "Najdorf Final KO"]
[Site "Buenos Aires ARG"]
[Date "2000.09.10"]
[Round "1.2"]
[White "Paglilla,C"]
[Black "Urday,H"]
[Result "0-1"]
[WhiteElo "2389"]
[BlackElo "2486"]

1.d4 Nf6 2.c4 e6 3.Nf3 Bb4+ 4.Bd2 a5 5.Nc3 b6 6.e3 Bb7 7.Bd3 d6 8.O-O Nbd7
9.a3 Bxc3 10.Bxc3 Ne4 11.Rc1 O-O 12.Nd2 Nxc3 13.Rxc3 f5 14.Qe2 e5 15.d5 Nc5
16.Bc2 a4 17.f4 Qe7 18.fxe5 Qxe5 19.Nf3 Qe7 20.Nd4 g6 21.Bb1 Rae8 22.Qf3 Bc8
23.Qg3 Qg7 24.h3 Bd7 25.Kh2 Re7 26.Qf4 Rfe8 27.Kg1 Ne4 28.Bxe4 Rxe4 29.Qf2 Qe5
30.Nc2 Re7 31.Qd2 g5 32.Ne1 h6 33.Nd3 Qg7 34.Nf2 R4e5 35.Nd1 g4 36.hxg4 fxg4
37.Nf2 Qg5 38.Re1 Qh4 39.e4 g3 40.Nh3 Rxe4  0-1

[Event "Open"]
[Site "Cesenatico ITA"]
[Date "2000.09.10"]
[Round "9"]
[White "Lagrotteria,S"]
[Black "Lucchi,V"]
[Result "1-0"]
[WhiteElo "2201"]
[BlackElo "2135"]

1.d4 Nf6 2.c4 e6 3.Nf3 Bb4+ 4.Bd2 Qe7 5.a3 Bxd2+ 6.Nbxd2 d6 7.e3 O-O 8.Qc2 e5
9.Bd3 g6 10.O-O Re8 11.dxe5 dxe5 12.Ne4 Nxe4 13.Bxe4 a5 14.b3 Na6 15.Nd2 Nc5
16.Qc3 a4 17.b4 Nxe4 18.Nxe4 Bf5 19.Ng3 Be6 20.f4 f5 21.e4 exf4 22.Rxf4 Rad8
23.exf5 Bxf5 24.Nxf5 gxf5 25.Rxf5 Qe3+ 26.Qxe3 Rxe3 27.h3 Rf8 28.Rg5+ Kh8
29.Ra5 Rf4 30.c5 Rd4 31.Rxa4 Rd2 32.Kh2 Ree2 33.Rg1 Ra2 34.Ra8+ Kg7 35.Ra7 Kg6
36.Rxb7 Rxa3 37.Rxc7 Rb3 38.Rb7 Rc2 39.Rb6+ Kg7 40.Ra1  1-0

[Event "chT-POL"]
[Site "Zakopane chT"]
[Date "2000.09.12"]
[Round "10"]
[White "Sarwinski,M"]
[Black "Liwak,P"]
[Result "1/2-1/2"]
[WhiteElo "2372"]
[BlackElo "2307"]

1.d4 Nf6 2.c4 e6 3.Nf3 Bb4+ 4.Bd2 Qe7 5.Nc3 O-O 6.g3 c5 7.a3 Bxc3 8.Bxc3 Ne4
9.Rc1 d6 10.Bg2 b6 11.Ng5 Qxg5 12.Bxe4 d5 13.h4 Qd8 14.Bf3 Bb7 15.dxc5 bxc5
16.O-O Qd7 17.cxd5 exd5 18.b4 cxb4 19.axb4 Rd8 20.Qd4 f6 21.Rfd1 Kh8 22.h5 h6
23.Qf4 Qe7 24.Bb2 Nc6 25.Rxd5 Rdc8 26.Rdc5 Ne5 27.Bxb7 Qxb7 28.Rxc8+ Rxc8
29.Rxc8+ Qxc8 30.Bxe5 fxe5 31.Qxe5 Qc1+ 32.Kg2 Qc6+ 33.e4 Qc4 34.b5 Kh7 35.Qf5+ Kh8
36.Qf8+ Kh7 37.Qf5+ Kh8 38.g4 Qe2 39.Qf8+ Kh7 40.Qf5+ Kh8 41.Kg3 Qd3+ 42.Kf4 Qd6+
43.Ke3 Qa3+ 44.Ke2 Qb2+ 45.Kf3 Qa3+ 46.Kg2 Qd3 47.Qd5 Qe2 48.Kg3 Qf1 49.Qa8+ Kh7
50.Qxa7 Qxb5 51.Qd4 Qf1 52.e5 Kg8 53.e6 Qg1+ 54.Kf3 Qh1+ 55.Ke2 Qc6 56.Qe5 Qc4+
57.Kf3 Qb3+ 58.Qe3 Qd1+ 59.Kg3 Qg1+ 60.Kf4 Qh2+  1/2-1/2

[Event "Nordic Net Club Cup"]
[Site "Internet ICC"]
[Date "2000.09.16"]
[Round "5"]
[White "Hansen,LB"]
[Black "Fyllingen,R"]
[Result "0-1"]
[WhiteElo "2562"]
[BlackElo "2408"]

1.d4 Nf6 2.Nf3 e6 3.c4 Bb4+ 4.Bd2 a5 5.g3 b6 6.Bg2 Ba6 7.Qc2 c5 8.O-O Nc6
9.dxc5 Bxc5 10.Bg5 h6 11.Bxf6 Qxf6 12.Nbd2 O-O 13.Rac1 Ra7 14.Ne4 Qe7 15.Rfd1 Rb8
16.e3 Nb4 17.Qb1 Rc7 18.Ne5 d6 19.Nf3 d5 20.cxd5 Nxd5 21.Nxc5 bxc5 22.Nd2 c4
23.Ne4 c3 24.Rc2 f5 25.Rxd5 fxe4 26.Rd4 Bd3 27.b3 Rb4 28.Qc1 Bxc2 29.Qxc2 Rxd4
30.exd4 Qd6 31.Bxe4 Qxd4 32.Qe2 Qd2 33.Qg4 Rf7 34.Bf3 c2 35.Qxe6 c1=Q+ 36.Kg2 Qce1
37.Qc8+ Kh7  0-1

[Event "World Seniors"]
[Site "Rowy POL"]
[Date "2000.09.22"]
[Round "10"]
[White "Kholmov,R"]
[Black "Shestoperov,A"]
[Result "1/2-1/2"]
[WhiteElo "2415"]
[BlackElo "2428"]

1.d4 Nf6 2.c4 e6 3.Nf3 Bb4+ 4.Bd2 Bxd2+ 5.Qxd2 d5 6.g3 O-O 7.Bg2 Nbd7 8.O-O c6
9.Qc2 b6 10.Nbd2 Ba6 11.Rfe1 Rc8 12.Rac1 Bb7 13.e4 Nxe4 14.Nxe4 dxe4 15.Qxe4 Nf6
16.Qe3 c5 17.Red1 Qc7 18.b3 Bxf3 19.Bxf3 Rfd8 20.dxc5  1/2-1/2

[Event "V ECC Women"]
[Site "Halle GER"]
[Date "2000.09.24"]
[Round "1"]
[White "Dambravaite,A"]
[Black "Ovod,E"]
[Result "0-1"]
[WhiteElo "2139"]
[BlackElo "2263"]

1.d4 Nf6 2.Nf3 e6 3.c4 Bb4+ 4.Bd2 Qe7 5.Nc3 b6 6.g3 Bb7 7.Bg2 Bxc3 8.Bxc3 Ne4
9.Qc2 Nxc3 10.Qxc3 d6 11.O-O Nd7 12.b4 O-O 13.Rac1 c5 14.dxc5 dxc5 15.b5 e5
16.Rfd1 e4 17.Ne1 f5 18.Nc2 f4 19.gxf4 Rxf4 20.Qd2 Rf7 21.Qd6 Qh4 22.Qg3 Qh5
23.Bh3 Nf8 24.Bg4 Qg5 25.Ne3 Re8 26.Bh3 Qh5 27.Bg4 Qg5 28.Bh3 Qh5 29.Bg4 Qg5
30.Rd6 Re5 31.Rcd1 h5 32.Bh3 Qe7 33.Ng2 e3 34.f3 Rg5 35.Qe1 Bxf3 36.exf3 Rxf3
37.Rd7 Nxd7 38.Rxd7 Qf6 39.Qd1 Rxh3 40.Rd8+ Kh7 41.Qc2+ Rg6 42.Rd1 Qe5  0-1

[Event "EuYCh B18"]
[Site "Halkidiki GRE"]
[Date "2000.10.02"]
[Round "1"]
[White "Jakubowski,K"]
[Black "Gordin,A"]
[Result "1-0"]
[WhiteElo "2364"]
[BlackElo "2169"]

1.d4 Nf6 2.c4 e6 3.Nf3 Bb4+ 4.Bd2 Qe7 5.g3 b6 6.Bg2 Bb7 7.O-O Bxd2 8.Nbxd2 O-O
9.Qc2 d5 10.cxd5 exd5 11.Rac1 Na6 12.a3 c5 13.dxc5 bxc5 14.Nb3 Rac8 15.Na5 Ba8
16.b4 Qd8 17.Bh3 Rb8 18.Ne5 Qd6 19.Qf5 Rfe8 20.Nd7 Nxd7 21.Qxd7 Qb6 22.e3 cxb4
23.Nc6 Bxc6 24.Rxc6 Qb5 25.Rfc1 bxa3 26.Bf1 Qa4 27.Qxa7 a2 28.Rxa6  1-0

[Event "Abihome Open"]
[Site "Brussels BEL"]
[Date "2000.10.08"]
[Round "10"]
[White "Vanderstricht,G"]
[Black "Vink,N"]
[Result "0-1"]
[WhiteElo "2369"]
[BlackElo "2296"]

1.d4 Nf6 2.Nf3 e6 3.c4 Bb4+ 4.Bd2 Qe7 5.g3 b6 6.Bg2 Bb7 7.O-O Bxd2 8.Qxd2 O-O
9.Nc3 a5 10.d5 d6 11.Nd4 Kh8 12.e4 e5 13.Nf5 Qd8 14.a3 Bc8 15.Ne3 a4 16.f4 Nbd7
17.Rae1 Nc5 18.fxe5 dxe5 19.Nf5 Ne8 20.g4 Ba6 21.Rf3 Bxc4 22.Rh3 Ne6 23.Bf1 Nf4
24.Rf3 Qg5 25.Rxf4 Bxf1 26.Rf2 Qxd2 27.Rxd2 Bh3 28.Ne3 Nf6 29.g5 Ne8  0-1

[Event "It"]
[Site "Alushta UKR"]
[Date "2000.10.19"]
[Round "5"]
[White "Shalimov,V UKR"]
[Black "Itkis,B"]
[Result "1/2-1/2"]
[WhiteElo "2406"]
[BlackElo "2384"]

1.d4 Nf6 2.c4 e6 3.Nf3 Bb4+ 4.Bd2 Qe7 5.g3 Nc6 6.Nc3 Bxc3 7.Bxc3 Ne4 8.Rc1 O-O
9.Bg2 d6 10.d5 Nd8 11.O-O f5 12.dxe6 Nxe6 13.Nd4 N6g5 14.f4 Nf7 15.b4 c5
16.bxc5 dxc5 17.Nf3 Be6 18.Bb2 Rad8 19.Qc2 Rd7 20.Rfd1 Rfd8 21.Rd3 Qf8 22.Rcd1 Qe7
23.a4 b6 24.a5 bxa5 25.Ba1 Rb8 26.Ne5 Nxe5 27.Bxe5 Rbd8 28.Qa4 h6 29.Qxa5 Kh7
30.Qa4 Qf7 31.Bf3 Rxd3 32.exd3 Nf6 33.Qa5 Qe7 34.Bxf6 gxf6 35.Re1 Rb8 36.Bd5 Rb6
37.Kf2 Qc7 38.Re2 Bxd5 39.cxd5 Kg6 40.Rc2 Qd7 41.Qxc5 Rb5 42.Qc6 Rxd5 43.Qxd7 Rxd7
44.Ke3 a5 45.Ra2 Ra7 46.Kd4 Kf7 47.Kc5 Ke6 48.Ra4 h5 49.d4 Rd7 50.Ra2 Rc7+
51.Kb5 Rc3 52.Rxa5 h4 53.gxh4 Rc2 54.Kb6 Kd6 55.Rxf5 Rb2+ 56.Ka5 Rxh2 57.Rxf6+ Kd5
58.Kb6 Rxh4 59.Kc7 Rh7+ 60.Kd8 Kxd4 61.Rf8 Ke4 62.f5 Ra7  1/2-1/2

[Event "22nd Open"]
[Site "Arco ITA"]
[Date "2000.10.21"]
[Round "1"]
[White "Tukmakov,V"]
[Black "Zucchelli,M"]
[Result "1-0"]
[WhiteElo "2582"]
[BlackElo "2190"]

1.Nf3 Nf6 2.c4 e6 3.d4 Bb4+ 4.Bd2 Qe7 5.g3 Nc6 6.Nc3 O-O 7.Bg2 Bxc3 8.Bxc3 Ne4
9.Rc1 d6 10.d5 Nxc3 11.Rxc3 Nb8 12.dxe6 fxe6 13.Nd4 e5 14.Nc2 Nd7 15.Ne3 Nf6
16.O-O Rb8 17.Qa4 a6 18.c5 Be6 19.cxd6 cxd6 20.Qb4 Ne8 21.Nc4 Bxc4 22.Qxc4+ Kh8
23.Rd1 h6 24.Rb3 Qf7 25.Qxf7 Rxf7 26.Bc6 Nf6 27.Rxd6  1-0

[Event "Tch-AUT 2000-01"]
[Site "Maierhofen/Zillertal AUT"]
[Date "2000.10.21"]
[Round "1"]
[White "Lukacs,P"]
[Black "Hertneck,G"]
[Result "1/2-1/2"]
[WhiteElo "2459"]
[BlackElo "2568"]

1.d4 Nf6 2.c4 e6 3.Nf3 Bb4+ 4.Bd2 Qe7 5.g3 Nc6 6.Nc3 Bxc3 7.Bxc3 Ne4 8.Rc1 d6
9.Bg2 O-O 10.O-O Nxc3 11.Rxc3 e5 12.d5 Nb8 13.b4 Bg4 14.Nd2 Nd7 15.Nb3 b6
16.c5 bxc5 17.bxc5 a5 18.cxd6 cxd6 19.Rc4 f5 20.Ra4 Nb6 21.Rxa5  1/2-1/2

[Event "Tch-AUT 2000-01"]
[Site "Maierhofen/Zillertal AUT"]
[Date "2000.10.21"]
[Round "1"]
[White "Lipinsky,F"]
[Black "Novkovic,Mi"]
[Result "1/2-1/2"]
[WhiteElo "2374"]
[BlackElo "2406"]

1.d4 Nf6 2.Nf3 e6 3.c4 Bb4+ 4.Bd2 a5 5.g3 d5 6.Qc2 Nc6 7.a3 Be7 8.Bg2 O-O
9.Nc3 dxc4 10.Nb5 Ne8 11.Qxc4 Nd6 12.Nxd6 cxd6 13.O-O d5 14.Qc2 Qb6 15.Bc3 Bd7
16.e4 dxe4 17.Qxe4 Bf6 18.g4 g6 19.Rfe1 Bg7 20.Rad1 Ne7 21.Ne5 Bc6 22.Nxc6 bxc6
23.Re3 Nd5 24.Rh3 h6 25.Bd2 Qxd4 26.Qxd4 Bxd4 27.Bxh6  1/2-1/2

[Event "34th Olympiad"]
[Site "Istanbul TUR"]
[Date "2000.10.29"]
[Round "2"]
[White "Kaidanov,G"]
[Black "Michel Yunis,C"]
[Result "1-0"]
[WhiteElo "2624"]
[BlackElo "2380"]

1.d4 Nf6 2.c4 e6 3.Nf3 Bb4+ 4.Bd2 Bxd2+ 5.Qxd2 d5 6.g3 O-O 7.Bg2 Qe7 8.O-O dxc4
9.Na3 Nbd7 10.Nxc4 Rd8 11.Rac1 Nb6 12.Na5 c6 13.Ne5 Nbd5 14.a3 Nd7 15.Nd3 Rb8
16.e4 N5b6 17.Qf4 Re8 18.Rfd1 Qf6 19.Qd6 Qe7 20.Qxe7 Rxe7 21.b4 Kf8 22.Nc5 a6
23.Rd2 Nf6 24.Rdc2 Ne8 25.a4 Ra8 26.f4 Nd6 27.g4 Ne8 28.Nab3 Rb8 29.Na5 Ra8
30.Nab3 Rb8 31.h3 f6 32.Na5 Nc7 33.f5 Kf7 34.Nab3 exf5 35.gxf5 Ne8 36.Nd2 Nd6
37.Bf1 g6 38.a5 Nd7 39.Nxa6 bxa6 40.Rxc6 Nxe4 41.Nxe4 Rxe4 42.Rxc8 Rxb4 43.d5 gxf5
44.R8c7 Ke7 45.Ra7 Red4 46.Bg2 Rb2 47.Re1+ Kd8 48.Rxa6 Rdd2 49.Bh1 Rb3 50.Ra8+ Kc7
51.Rc1+ Kd6 52.a6 Rg3+ 53.Kf1 Rh2 54.Rc6+ Ke5 55.Re8+ Kd4 56.a7 Rxh1+ 57.Kf2 Ra3
58.a8=Q Rxa8 59.Rxa8 Kxd5 60.Rc7 Ne5 61.Ra5+ Ke4 62.Ra4+ Kd5 63.Rxh7 Rc1
64.Rh8 f4 65.Rd8+ Ke6 66.Rxf4 Rc2+ 67.Kg3 Rc3+ 68.Kg2 Ng6 69.Rfd4 Kf5 70.R8d5+ Ne5
71.Rd2 Kg5 72.Rf2 Rc6 73.Rd4 f5 74.Rd5 Re6 75.Re2 Kf6 76.Rb5 f4 77.Re4 Kf5
78.Re1 Re7 79.h4 Kf6 80.Kh3 f3 81.Rb3 Rh7 82.Rb6+ Kf5 83.Rb5 Re7 84.Kg3 Rg7+
85.Kf2 Re7 86.h5 Kf4 87.Kf1 Re6 88.h6 Rxh6 89.Rexe5 Rh1+ 90.Kf2 Rh2+ 91.Kg1 Rc2
92.Rec5 Rg2+ 93.Kf1 Ra2 94.Rb4+ Kg3 95.Rg5+ Kh3  1-0

[Event "34th Olympiad"]
[Site "Istanbul TUR"]
[Date "2000.10.29"]
[Round "2"]
[White "Kaidanov,G"]
[Black "Michel Yunis,C"]
[Result "1-0"]
[WhiteElo "2624"]
[BlackElo "2380"]

1.d4 Nf6 2.c4 e6 3.Nf3 Bb4+ 4.Bd2 Bxd2+ 5.Qxd2 d5 6.g3 O-O 7.Bg2 Qe7 8.O-O dxc4
9.Na3 Nbd7 10.Nxc4 Rd8 11.Rac1 Nb6 12.Na5 c6 13.Ne5 Nbd5 14.a3 Nd7 15.Nd3 Rb8
16.e4 N5b6 17.Qf4 Re8 18.Rfd1 Qf6 19.Qd6 Re7 20.b4 Kf8 21.Nc5 a6 22.a4 Ra8
23.f4 Qxf4 24.gxf4 Rb8 25.Nab3 Nxc5 26.Nxc5 Ra8 27.Qb8 Rxb8 28.h3 f6 29.f5 Kf7
30.Bf1 g6 31.a5 Nd7 32.Nxa6 bxa6 33.d5 Rxb4 34.Bg2 cxd5 35.exd5 exf5 36.Rd4 Rxd4
37.Re1 Rd2  1-0

[Event "34th Olympiad Women"]
[Site "Istanbul TUR"]
[Date "2000.10.29"]
[Round "2"]
[White "Gruenenwald,E"]
[Black "Ptacnikova,L"]
[Result "1/2-1/2"]
[WhiteElo "2038"]
[BlackElo "2232"]

1.d4 Nf6 2.Nf3 e6 3.c4 Bb4+ 4.Bd2 Qe7 5.g3 Nc6 6.Bg2 Bxd2+ 7.Nbxd2 d6 8.e4 e5
9.d5 Nb8 10.O-O O-O 11.Ne1 a5 12.Nd3 g6 13.f4 Na6 14.a3 Bg4 15.Qe1 Bc8 16.b4 Ne8
17.Qe3  1/2-1/2

[Event "34th Olympiad"]
[Site "Istanbul TUR"]
[Date "2000.10.29"]
[Round "2"]
[White "Simonet,M"]
[Black "Cochrane,JM"]
[Result "1-0"]
[WhiteElo "2295"]
[BlackElo "2223"]

1.d4 Nf6 2.c4 e6 3.Nf3 Bb4+ 4.Bd2 Qe7 5.g3 Ne4 6.Bg2 O-O 7.O-O Nxd2 8.Nbxd2 Bxd2
9.Qxd2 d6 10.Qc3 Nd7 11.Rac1 a5 12.c5 Nf6 13.cxd6 cxd6 14.Qa3 Re8 15.Rc2 Rd8
16.Rfc1 Ne8 17.e3 Bd7 18.Nd2 Bb5 19.Qb3 Qd7 20.Rc3 d5 21.Rc5 Bc6 22.Bf1 Nd6
23.Qc3 a4 24.Qb4 Ra7 25.Bd3 g6 26.h4 Kg7 27.Nb1 Raa8 28.Na3 Rdc8 29.Qc3 Kg8
30.h5 Qe7 31.hxg6 hxg6 32.Nc2 Bd7 33.Nb4 b6 34.Rxc8+ Rxc8 35.Qe1 Rxc1 36.Qxc1 Nc4
37.Bxc4 Qxb4 38.Be2 Qd6 39.Qc3 Kf8 40.Kf1 f6  1-0

[Event "34th Olympiad"]
[Site "Istanbul TUR"]
[Date "2000.10.30"]
[Round "3"]
[White "Dydyshko,V"]
[Black "Daly,C"]
[Result "1-0"]
[WhiteElo "2525"]
[BlackElo "2357"]

1.d4 Nf6 2.Nf3 e6 3.c4 Bb4+ 4.Bd2 Bxd2+ 5.Qxd2 d5 6.e3 O-O 7.Nc3 Qe7 8.cxd5 exd5
9.Bd3 c6 10.O-O Nbd7 11.Qc2 Re8 12.Rfe1 Nf8 13.Nd2 Bd7 14.a3 Rad8 15.b4 a6
16.f3 Bc8 17.Na4 Ne6 18.Nb6 Qc7 19.Nxc8 Rxc8 20.Nb3 g6 21.Qf2 Rcd8 22.Rad1 Rd7
23.Bc2 b6 24.Rc1 Qa7 25.Bd3 Rc7 26.e4 Rec8 27.Bf1 c5 28.dxc5 bxc5 29.exd5 Nxd5
30.Nxc5 Nxc5 31.Rxc5 Rxc5 32.bxc5 Nf6 33.Rd1 Rc6 34.Rd6 Rxd6 35.cxd6 Qb7
36.Qc5 Ne8 37.a4 Qd7 38.a5 Nxd6 39.Bxa6 Nf5 40.Qc8+ Qxc8 41.Bxc8  1-0

[Event "34th Olympiad"]
[Site "Istanbul TUR"]
[Date "2000.10.30"]
[Round "3"]
[White "Jobava,Ba"]
[Black "Labuckas,A"]
[Result "1-0"]
[WhiteElo "2480"]
[BlackElo "2318"]

1.d4 Nf6 2.c4 e6 3.Nf3 Bb4+ 4.Bd2 c5 5.Bxb4 cxb4 6.Qd3 O-O 7.Nbd2 d6 8.e4 Qe7
9.Be2 e5 10.O-O Nc6 11.d5 Nb8 12.a3 Na6 13.axb4 Nxb4 14.Qc3 a5 15.c5 Bg4
16.cxd6 Qxd6 17.Nc4 Qd8 18.Nxa5 Qe7 19.Ra4 Bxf3 20.Bxf3 Na6 21.Rfa1 Rac8
22.Rc4 Rxc4 23.Nxc4 Re8 24.g3 h6 25.Bg2 Nc5 26.Qe3 Na6 27.Qb6 Nd7 28.Qxb7 Nac5
29.Qc6 Rd8 30.Ra7 Qg5 31.b4 Qc1+ 32.Bf1 Nxe4 33.Rxd7 Rxd7 34.Qxd7 Ng5 35.Nxe5 Qe1
36.h4  1-0

[Event "34th Olympiad Women"]
[Site "Istanbul TUR"]
[Date "2000.10.31"]
[Round "4"]
[White "Bohrer,R"]
[Black "Muller,A"]
[Result "1/2-1/2"]
[WhiteElo "2015"]
[BlackElo "2135"]

1.d4 Nf6 2.c4 e6 3.Nf3 Bb4+ 4.Bd2 Qe7 5.Nc3 O-O 6.Qc2 c5 7.e4 cxd4 8.Nxd4 d6
9.Bd3 Nc6 10.Nxc6 bxc6 11.O-O Rb8 12.a3 Bc5 13.h3 h6 14.Ne2 e5 15.b4 Bb6
16.Kh1 d5 17.c5 Bc7 18.exd5 Nxd5 19.Rae1 Be6 20.f4 exf4 21.Nxf4 Qh4 22.Re4 Bf5
23.Be1 Qg5 24.h4 Qd8 25.Rd4 Bxd3 26.Qxd3 Nxf4 27.Rfxf4 Bxf4 28.Rxd8 Rbxd8
29.Qf3 Be5 30.Bg3 Bxg3 31.Qxg3 Rd7 32.Qf3 Rd5 33.Qb3 Rfd8 34.Qa4 Rd4 35.Qxc6 Rxh4+
36.Kg1 Rhd4 37.b5 Rd1+ 38.Kh2 Rb1 39.a4 Rb4 40.a5 Rh4+ 41.Kg3 g5 42.Qc7 Rd3+
43.Kf2 Rd2+ 44.Kf3 Rhd4 45.c6 R4d3+ 46.Ke4 Rd4+ 47.Kf5 Rd5+ 48.Qe5 Rxe5+
49.Kxe5 Kf8 50.c7 Rc2 51.b6 axb6 52.axb6 Ke7 53.b7 Rxc7 54.b8=Q Rc5+ 55.Kd4 Rf5
56.Qh2 Rf6 57.Qe5+ Re6 58.Qg7 Ke8 59.Kd5 Ke7 60.g4 Rg6 61.Qe5+  1/2-1/2

[Event "Chigorin Mem"]
[Site "St Petersburg RUS"]
[Date "2000.10.31"]
[Round "1"]
[White "Bocharov,D"]
[Black "Guseva,O"]
[Result "1-0"]
[WhiteElo "2438"]
[BlackElo "2173"]

1.d4 Nf6 2.Nf3 e6 3.c4 Bb4+ 4.Bd2 c5 5.Bxb4 cxb4 6.g3 Nc6 7.Bg2 O-O 8.O-O d6
9.a3 bxa3 10.Nxa3 Qb6 11.Nb5 Ne7 12.Qd3 Bd7 13.Nc3 Rfd8 14.e4 Ng6 15.b4 d5
16.cxd5 Qxb4 17.Rfb1 Qe7 18.d6 Qxd6 19.e5 Nxe5 20.Nxe5 Bc6 21.Bxc6 bxc6 22.Qf3 c5
23.Rb7 Qxd4 24.Nxf7 Rf8 25.Rd1 Qc4 26.Qxf6 gxf6 27.Nh6+ Kh8 28.Rdd7  1-0

[Event "34th Olympiad"]
[Site "Istanbul TUR"]
[Date "2000.11.02"]
[Round "6"]
[White "Bauer,Ch"]
[Black "Gonzalez Garcia,J"]
[Result "1-0"]
[WhiteElo "2562"]
[BlackElo "2440"]

1.d4 Nf6 2.Nf3 e6 3.c4 Bb4+ 4.Bd2 Qe7 5.g3 b6 6.Bg2 Bb7 7.O-O Bxd2 8.Qxd2 O-O
9.Nc3 d5 10.cxd5 exd5 11.Rac1 Na6 12.Qf4 c5 13.Rfd1 Rfd8 14.dxc5 bxc5 15.Nh4 g6
16.Qg5 Qe6 17.Rd3 Nb4 18.Rd2 Bc6 19.Rcd1 Kg7 20.a3 h6 21.Qe3 Na6 22.Qd3 Nc7
23.Qc2 Qe8 24.e3 Rab8 25.Nf3 a5 26.Ne1 d4 27.exd4 cxd4 28.Bxc6 Qxc6 29.Na4 Qb7
30.Nc5 Qb5 31.Nf3 Rd5 32.Ne4 Nxe4 33.Qxe4 Re8 34.Qc2 Ne6 35.Nxd4 Nxd4 36.Rxd4 Rc5
37.Qa4 Re2 38.Qxb5 Rxb5 39.R1d2 Rxb2 40.Rxb2 Rxb2 41.Rd5 a4 42.Rd4 h5 43.h4 Ra2
44.Rxa4 Kf6 45.Kg2 Kg7 46.Ra6 Ra1 47.Kf3 Ra2 48.a4 Kh7 49.a5 Kg7 50.Ra8 Ra4
51.a6 Kf6 52.Ke3 Kf5 53.Ra7 Kf6 54.Kd3 Ra2 55.Kc4 Rxf2 56.Rb7 Ra2 57.a7 Kf5
58.Kb3 Ra6 59.Rxf7+ Kg4 60.Rf4+ Kxg3 61.Ra4 Rxa7 62.Rxa7 Kxh4 63.Kc3 Kg3
64.Kd3 h4 65.Ke2 h3 66.Kf1 Kh2 67.Ra2+ Kh1 68.Kf2  1-0

[Event "Chigorin Mem"]
[Site "St Petersburg RUS"]
[Date "2000.11.02"]
[Round "3"]
[White "Demina,J"]
[Black "Grebenschikova,N"]
[Result "1/2-1/2"]
[WhiteElo "2368"]
[BlackElo "2082"]

1.d4 Nf6 2.Nf3 e6 3.c4 Bb4+ 4.Bd2 Qe7 5.g3 O-O 6.Nc3 d5 7.a3 Bxc3 8.Bxc3 Rd8
9.Bg2 b6 10.O-O Bb7 11.cxd5 exd5 12.Qc2 Nbd7 13.Bb4 c5 14.dxc5 bxc5 15.Ba5 Nb6
16.e3 Rac8 17.b3 Ne4 18.Qb2 Re8 19.Rfd1 Ba8 20.Rac1 Rb8 21.Qe2 Nd7 22.Qa2  1/2-1/2

[Event "Chigorin Mem"]
[Site "St Petersburg RUS"]
[Date "2000.11.04"]
[Round "4"]
[White "Akimov,I"]
[Black "Polovnikova,E"]
[Result "1-0"]
[WhiteElo "2258"]
[BlackElo "2386"]

1.d4 Nf6 2.Nf3 e6 3.c4 Bb4+ 4.Bd2 Qe7 5.g3 Nc6 6.Bg2 Bxd2+ 7.Nbxd2 d6 8.O-O O-O
9.e4 e5 10.d5 Nb8 11.Ne1 a5 12.b3 Na6 13.a3 Bd7 14.Nd3 b5 15.Qc2 Rfb8 16.Rfc1 c5
17.f4 Ng4 18.Nf1 f6 19.h3 Nh6 20.Nd2 Nf7 21.f5 Qe8 22.Nb2 Nc7 23.Bf1 g6 24.g4 Qf8
25.Nf3 Qh6 26.Qd2 Qxd2 27.Nxd2 bxc4 28.Bxc4 a4 29.Rcb1 axb3 30.Bxb3 Ra7 31.Nbc4 Nb5
32.Bc2 Rbb7 33.a4 Nd4 34.Bd1 Kf8 35.Nb6 Ke7 36.h4 g5 37.h5 Kd8 38.Ndc4 Be8
39.Rb2 Kc7 40.Rab1 Rb8 41.a5 h6 42.Kf2 Ra6 43.Ke3 Ra7 44.Kd2 Ra6 45.Be2 Ra7
46.Bd3 Nf3+ 47.Ke3 Nd4 48.Kf2 Kd8 49.Ke3 Kc7 50.a6 Kd8 51.Na5 Kc7 52.Nb7 Bb5
53.Bxb5 Nxb5 54.Rxb5 Rxa6 55.Nc4  1-0

[Event "Chigorin Mem"]
[Site "St Petersburg RUS"]
[Date "2000.11.04"]
[Round "4"]
[White "Weetik,V"]
[Black "Kiriakov,P"]
[Result "1/2-1/2"]
[WhiteElo "2365"]
[BlackElo "2525"]

1.Nf3 Nf6 2.c4 e6 3.d4 Bb4+ 4.Bd2 Qe7 5.Nc3 b6 6.g3 Bb7 7.Bg2 O-O 8.O-O d6
9.Qc2 Bxc3 10.Bxc3 Be4 11.Qc1 a5 12.Qf4 Nbd7 13.Qh4 Rfe8 14.g4 h6 15.g5 hxg5
16.Nxg5 Bxg2 17.Kxg2 d5 18.Kh1 g6 19.e4 dxe4 20.Nxe4 Nxe4 21.Qxe4 Nf6 22.Qf3 Nh7
23.Rg1 Qf6 24.Qg3 e5 25.d5 Re7 26.Rae1 Rae8 27.Re4 Qf5 28.Rh4 g5 29.f4 f6
30.fxe5 fxe5 31.Rg4 Rg7 32.h4 Kf7 33.hxg5 Nxg5 34.Kg2  1/2-1/2

[Event "4th OIBM"]
[Site "Bad Wiessee GER"]
[Date "2000.11.05"]
[Round "9"]
[White "Farago,I"]
[Black "Cladouras,P"]
[Result "1-0"]
[WhiteElo "2486"]
[BlackElo "2338"]

1.d4 Nf6 2.c4 e6 3.Nf3 Bb4+ 4.Bd2 Qe7 5.g3 Nc6 6.Nc3 d5 7.a3 Bxc3 8.Bxc3 Ne4
9.Qc2 a5 10.Bg2 O-O 11.O-O Rd8 12.e3 a4 13.Rfc1 Qe8 14.Be1 h6 15.Rab1 Bd7
16.Ne5 Nxe5 17.dxe5 c6 18.c5 Ng5 19.h4 Nh7 20.Rd1 Ra7 21.Rd4 Rda8 22.Rb4 Nf8
23.Bc3 Bc8 24.Bd4 Nd7 25.Bf1 Ra5 26.Rc1 Qe7 27.Be2 Qd8 28.Bd1 Qc7 29.f4 Qd8
30.Qd3 g6 31.h5 Kg7 32.hxg6 fxg6 33.Bc2 Qe8 34.Bb1 b6 35.cxb6 Bb7 36.b3 axb3
37.Rxb3 c5 38.Rbc3 cxd4 39.Rc7 Rd8 40.Rxb7 dxe3 41.Rcc7 Kh8 42.Qxe3 Nf8 43.f5 g5
44.fxe6  1-0